PROJETS de Kekra - Statistiques

Statistiques générales
  • Ce quiz a été pris 44 fois
  • Le résultat moyen est 10 sur 11
Statistiques - réponses
Albums % Correct
Freebase 2
97%
Stratos
97%
Vréel
97%
Freebase 1
94%
Kekra
91%
Land
91%
Vréel 3
91%
Freebase 3
89%
Freebase 4
89%
Vréel 2
89%
Vréalité
77%
Aucun quiz correspondant
Distribution des résultats
% des personnes avec chaque résultat
Percentile par nombre de réponses
Votre historique - résultats
Vous n’avez pas pris ce quiz